Návrh a montáž domácej cirkulárky
Salvato in:
| Autore principale: | |
|---|---|
| Altri autori: | |
| Natura: | Manoscritto Libro |
| Lingua: | slovacco |
| Pubblicazione: |
2016
|
| Soggetti: | |
| Accesso online: | http://is.stuba.sk/zp/portal_zp.pl?podrobnosti=121132 |
| Tags: |
Nessun Tag, puoi essere il primo ad aggiungerne!!
|
MARC
| LEADER | 00000ntm a22000003a 4500 | ||
|---|---|---|---|
| 001 | stuzp51093 | ||
| 003 | SK-STU | ||
| 005 | 20160719153743.1 | ||
| 007 | ta | ||
| 008 | 150427s2015----xo-----f-mn---000-0-slo-d | ||
| 040 | |a STU |b slo | ||
| 041 | 0 | |a slo | |
| 100 | 1 | |a Fulier, Miroslav |u 063000 |4 aut |U MTF Materiálovotechnologická fakulta |T MTF Ústav výrobných technológií |X 6444 |U M3000 |Y 83 |7 6444 | |
| 242 | 0 | 1 | |a Design and assembly of domestic circular |y eng |
| 245 | 1 | 0 | |a Návrh a montáž domácej cirkulárky |
| 260 | |c 2016 | ||
| 650 | 4 | |a konštrukcia |2 slo | |
| 650 | 4 | |a CAA |2 slo | |
| 650 | 4 | |a drevo |2 slo | |
| 650 | 4 | |a rezanie |2 slo | |
| 650 | 4 | |a softvér |2 slo | |
| 650 | 4 | |a CAD |2 slo | |
| 650 | 4 | |a Okružná píla |2 slo | |
| 650 | 4 | |a software |2 eng | |
| 650 | 4 | |a CAD |2 eng | |
| 650 | 4 | |a Circular saw |2 eng | |
| 650 | 4 | |a wood |2 eng | |
| 650 | 4 | |a cutting |2 eng | |
| 650 | 4 | |a construction |2 eng | |
| 650 | 4 | |a CAA |2 eng | |
| 700 | 1 | |a Necpal, Martin |u 063600 |k Z1 |4 ths |U MTF Ústav výrobných technológií |T MTF Katedra obrábania a tvárnenia |X 20985 |U M3600 |Y 841 |7 A000020985 | |
| 856 | 4 | |u http://is.stuba.sk/zp/portal_zp.pl?podrobnosti=121132 | |
| 996 | |c M* BP-7682 |l MMSKP |s P |a 0 |w stuzp51093_0001 | ||
| SQL | |a stuzp51093 |b DBP |c SLO |d Návrh a montáž domácej cirkulárky |e 6444 |f Fulier, Miroslav |g 063000 |h 20985 |i Necpal, Martin |j 20160620 |k 174 |l 06 |m http://is.stuba.sk/zp/portal_zp.pl?podrobnosti=121132 |n B-PPT |o 5.2.51. výrobné technológie | ||